Podnikateľské a inovačné správanie lesných podnikov v strednej Európe

Príspevok porovnáva vybrané výsledky dotazníkového výskumu inovačného správania lesných podnikov v strednej Európe. Porovnanie celkového rozsahu inovačných aktivít a identifikácia interných a externých faktorov inovačného a podnikateľského správania lesných podnikov. Výsledky potvrdzujú teoretický m...

ver descrição completa

Na minha lista:
Detalhes bibliográficos
Autor principal: Šálka, Jaroslav
Formato: Capítulo de Livro
Idioma:eslovaco
Assuntos:
Tags: Adicionar Tag
Sem tags, seja o primeiro a adicionar uma tag!

MARC

LEADER 00000naa$a2200000$$$4500
001 0023108
005 20220317110130.7
041 0 |a slo 
044 |a SK 
245 1 0 |a Podnikateľské a inovačné správanie lesných podnikov v strednej Európe  |c Jaroslav Šálka 
520 |a Príspevok porovnáva vybrané výsledky dotazníkového výskumu inovačného správania lesných podnikov v strednej Európe. Porovnanie celkového rozsahu inovačných aktivít a identifikácia interných a externých faktorov inovačného a podnikateľského správania lesných podnikov. Výsledky potvrdzujú teoretický model, v ktorom sektorálny inovačný systém slúži na poskytovanie informácií k znižovaniu rizika, na manažment kooperácie a konfliktov pri zavádzaní inovácií a ako sprostredkovateľ finančných a nefinančných stimulov. Inovačné aktivity lesných podnikov sú nižšie ako podnikov v iných sektoroch a neexistujú žiadne úplne nové a progresívne inovácie. Inovačné aktivity sú výraznejšie v trhových ekonomikách oproti transformačným ekonomikám. V SR súvisí slabá činnosť systému v podpore inovácií s nedostatočným poradenstvom a problémami v dotačnej politike lesného hospodárstva. 
610 2 0 |a inovácia 
610 2 0 |a hospodárstvo lesné 
610 2 0 |a Európa 
610 2 0 |a Slovensko 
610 2 0 |a porovnanie medzinárodné 
100 1 |a Šálka, Jaroslav